[Event "80th GEO-ch 2021"]
[Site "Tbilisi"]
[Date "2021.04.23"]
[Round "4.3"]
[White "Paichadze, Luka"]
[Black "Petriashvili, Nikoloz"]
[Result "1/2-1/2"]
[WhiteElo "2565"]
[BlackElo "2425"]
[Annotator "TA"]
[PlyCount "104"]
[EventDate "2021.04.20"]
[EventType "tourn"]
[EventCountry "GEO"]
[SourceTitle "playchess.com"]
[Source "ChessBase"]
[SourceQuality "1"]

{[%evp 16,104,0,0,0,0,-7,0,0,0,0,0,0,0,0,-23,-27,-22,-24,-28,-8,-29,-28,-26,-20,-27,0,0,0,-6,-3,0,0,0,0,0,0,0,8,0,0,0,0,0,0,0,22,22,15,9,25,0,0,0,8,8,8,8,70,8,8,8,64,64,64,64,65,66,95,0,0,0,0,0,0,0,0,0,0,0,0,0,0,0,0,-8,-8,-8,-8,-8,-8]} 1. e4 c5 2. c3 Nf6 3. e5 Nd5 4. d4 cxd4 5. Nf3 Nc6 6. cxd4 d6 7. Bc4 dxe5 8. dxe5 Ndb4 9. Qb3 e6 {B22: Sicilian: 2 c3.} 10. O-O Na5 11. Bb5+ Bd7 12. Qa4 Bxb5 13. Qxb5+ Nac6 {With the idea ...Nc2.} 14. Nc3 ({Don't blunder} 14. Qxb7 $2 Rb8 $19) 14... a6 15. Qe2 ({Wrong is} 15. Qxb7 $2 Rb8 $19) (15. Qc4 {is more complex.} Qd3 16. Qg4 Qg6 17. Qxg6 hxg6 18. Rd1) 15... Qd3 16. Rd1 Qxe2 17. Nxe2 Nd5 18. a3 {[#]} h6 $146 ({Predecessor:} 18... Be7 19. Nf4 Rd8 20. Nxd5 Rxd5 {½-½ (20) Gahan,M (2249)-Lalic,B (2436) Pardubice 2016}) 19. h4 O-O-O 20. Nf4 Nce7 21. h5 Nxf4 (21... Kb8 {is interesting.} 22. g3 Rg8 23. Be3 Rc8 24. Bd2 Rc4) 22. Rxd8+ Kxd8 23. Bxf4 Nd5 24. Bd2 Kd7 25. Kf1 Bc5 26. Rc1 Rc8 27. g4 b5 28. Ke2 Nb6 29. Rc2 Nc4 30. a4 Rc6 31. axb5 axb5 32. Be1 Be7 33. Kd3 Rc5 34. Bc3 Nb6 35. Bd4 Rxc2 36. Kxc2 $11 {[%mdl 4096] Endgame KBN-KBN} Kc6 (36... Nd5 $11) 37. Kd3 (37. Bxb6 $14 Kxb6 38. Kd3) 37... Bc5 38. Nd2 Kd5 ({Black should try} 38... Na4 $11) 39. Bxc5 $14 Kxc5 {KN-KN} 40. Ne4+ Kd5 41. f4 b4 {[#]} 42. Nd6 ({White should play} 42. b3 $1 $16) 42... Na4 $1 $11 {The position is equal.} 43. Kc2 Nc5 44. Nxf7 Ke4 45. g5 Kxf4 46. gxh6 gxh6 47. Nxh6 {[#] Black must now prevent Nf7.} Kg5 48. Nf7+ Kxh5 49. Nd8 Kg5 50. Nxe6+ Nxe6 51. Kb3 Kf5 52. Kxb4 Kxe5 {Weighted Error Value: White=0.07/Black=0.09} 1/2-1/2

[Event "80th GEO-ch 2021"]
[Site "Tbilisi"]
[Date "2021.04.23"]
[Round "4.4"]
[White "Pantsulaia, Levan"]
[Black "Quparadze, Giga"]
[Result "1-0"]
[WhiteElo "2553"]
[BlackElo "2463"]
[Annotator "TA"]
[PlyCount "79"]
[EventDate "2021.04.20"]
[EventType "tourn"]
[EventCountry "GEO"]
[SourceTitle "playchess.com"]
[Source "ChessBase"]
[SourceQuality "1"]

{[%evp 16,79,9,12,85,95,93,90,93,68,74,67,74,46,56,42,73,62,79,0,0,-16,-27,-27,-14,-30,6,0,20,0,15,0,29,40,61,50,53,64,118,114,110,110,194,196,211,131,281,278,272,265,283,279,281,281,295,302,427,427,423,398,486,464,551,549,522,484]} 1. c4 e6 2. g3 d5 3. Bg2 Nf6 4. Bf1 Ng8 5. Bg2 Nf6 6. Nf3 dxc4 7. Qa4+ Nbd7 8. Qxc4 {8.0-0 is a critical line.} c5 9. d3 b6 {[#] A13: English Opening: 1...e6.} (9... Bd6 $11 {keeps the balance.}) 10. Nd4 $1 $16 {[%cal Rd4e6]} Nd5 11. Bxd5 {[#]} Ne5 $146 {White is better.} ({Predecessor:} 11... exd5 12. Qxd5 Rb8 13. Qe4+ Be7 14. Nf5 Nf6 15. Qxe7+ Qxe7 16. Nxe7 Kxe7 17. Bg5 Bb7 18. f3 h6 19. Bxf6+ Kxf6 {1-0 (37) Martinez Alcantara,J (2379)-Fernandez Saavedra,J (2114) Barcelona 2014}) 12. Bc6+ Nxc6 13. Nxc6 Qd6 {[#]} 14. Nxa7 Rxa7 15. Nc3 Ba6 16. Qf4 e5 17. Qe3 ({White should try} 17. Qa4+ $16 Qd7 18. O-O) 17... Be7 $11 18. b3 O-O 19. Bb2 f5 20. O-O f4 21. Qe4 f3 22. Rad1 fxe2 (22... Bb7 {seems wilder.} 23. Qc4+ Kh8 24. Ne4 Qd7 25. exf3 Rxa2 26. Bxe5 Rxf3 27. Rde1 Bd5) 23. Qxe2 Rd7 24. Rfe1 Bxd3 25. Qxe5 Qxe5 26. Rxe5 {Hoping for Rd5.} Bf6 (26... Bd8 $14) 27. Rd5 $16 Rxd5 28. Nxd5 Be2 {[#]} (28... Bxb2 $16 29. Rxd3 b5) 29. Rd2 $1 $18 {[%cal Rd2e2]} Bf3 {Threatens to win with ...Bxb2.} 30. Bxf6 gxf6 {A mistake that costs the game.} (30... Bxd5 $16 31. Bxg7 (31. Rxd5 Rxf6 32. Kf1 Rf8 $16) 31... Rd8) 31. Nxb6 {[%mdl 4096] Endgame KRB-KRN} Re8 {[%cal Re8e1]} 32. Kf1 Kf7 33. Nc4 {And now Nd6+ would win.} Kg6 34. Ne3 h5 35. Rc2 h4 (35... Ra8 $142 36. a4 (36. Rxc5 Rxa2 37. Nc2 Rb2 $16) 36... Rb8) 36. Rxc5 hxg3 37. hxg3 Rh8 {[%cal Rh8h1]} 38. Ke1 {White is clearly winning.} Rh1+ 39. Kd2 Rh2 40. Nc4 {Weighted Error Value: White=0.11/Black=0.30} 1-0

[Event "80th GEO-ch 2021"]
[Site "Tbilisi"]
[Date "2021.04.23"]
[Round "4.5"]
[White "Lortkipanidze, Nodar"]
[Black "Shanava, Konstantine"]
[Result "0-1"]
[WhiteElo "2416"]
[BlackElo "2504"]
[Annotator "TA"]
[PlyCount "78"]
[EventDate "2021.04.20"]
[EventType "tourn"]
[EventCountry "GEO"]
[SourceTitle "playchess.com"]
[Source "ChessBase"]
[SourceQuality "1"]

{[%evp 15,78,8,0,0,7,0,0,0,-2,-7,0,-1,0,0,25,10,3,-9,-12,-17,-11,-6,-6,-12,9,0,0,-15,0,0,27,21,21,20,56,15,12,21,56,56,78,39,39,40,34,28,31,31,57,0,0,-9,-26,-77,-71,-235,-227,-363,-363,-363,-363,-359,-358,-29990,-29991]} 1. e4 c5 2. c3 Nf6 3. e5 Nd5 4. Nf3 Nc6 5. d4 cxd4 6. cxd4 d6 7. Bc4 Nb6 8. Bb5 Bd7 9. exd6 {B22: Sicilian: 2 c3.} e6 10. Bg5 f6 {10...Qb8 is vanishing.} 11. Bd2 {The position is equal.} Bxd6 12. Nc3 Nb4 {[#]} 13. Qb3 $146 ({Predecessor:} 13. O-O Bxb5 14. Nxb5 N4d5 15. Re1 Kf7 16. Qb3 Qd7 17. a4 Rhc8 18. Rac1 Bf8 19. Rxc8 Nxc8 {0-1 (45) Sebag,M (2510)-Khismatullin,D (2564) Moscow 2008}) 13... Bxb5 14. Nxb5 ({Of course not} 14. Qxe6+ Qe7 $17) 14... N6d5 15. O-O {Hoping for Rae1.} O-O 16. Bxb4 (16. Rac1 {with more complications.} Rb8 17. Rfe1 Re8 18. a3 Nc6 19. Nc3) 16... Bxb4 17. Nc3 {Threatens to win with Nxd5.} Bxc3 18. bxc3 b5 19. Rfe1 Qc8 20. Rac1 Qc6 21. Nd2 Rac8 22. g3 f5 23. c4 bxc4 24. Rxc4 Qd6 25. Ra4 Rc3 26. Qb5 Rc7 27. Ra6 Nb6 28. Qb3 Qxd4 29. Qxe6+ Kh8 30. Nf3 Qd3 {[%mdl 64] Double Attack} 31. Qe2 Qd8 32. h4 (32. Ra5 $14) 32... f4 $11 33. g4 Qc8 $1 {[%cal Rc8g4]} 34. g5 (34. Ra5 $11) 34... Qg4+ 35. Kh2 $2 {Now White is beyond hope.} (35. Kf1 $17) 35... Rc3 $19 36. Ra3 (36. Rg1 $142 Qxf3 37. Qxf3 Rxf3 38. Kg2) 36... Rxa3 37. Qe7 {[%cal Re7f8]} Rg8 38. Qxa3 {[#]} Nc4 $1 {[%cal Rc4a3]} 39. Ne5 $2 {[#]} (39. Qb3 $19 Ne3 40. Rxe3 fxe3 41. Qxe3) 39... Nxe5 $1 {Weighted Error Value: White=0.47/Black=0.07} ({Not} 39... Nxa3 40. Nf7# (40. Nxg4 Nb5 $16)) 0-1

[Event "80th GEO-ch 2021"]
[Site "Tbilisi"]
[Date "2021.04.24"]
[Round "5.2"]
[White "Arabidze, Meri"]
[Black "Paichadze, Luka"]
[Result "1/2-1/2"]
[WhiteElo "2437"]
[BlackElo "2565"]
[Annotator "ChessBase"]
[PlyCount "106"]
[EventDate "2021.04.20"]
[EventType "tourn"]
[EventCountry "GEO"]
[SourceTitle "playchess.com"]
[Source "ChessBase"]
[SourceQuality "1"]
[TimeControl "5400+30"]

1. d4 {[%emt 0:00:00]} e6 {[%emt 0:00:00]} 2. c4 {[%emt 0:00:04]} f5 {[%emt 0:00:03]} 3. g3 {[%emt 0:00:37]} Nf6 {[%emt 0:00:08]} 4. Bg2 {[%emt 0:00:05]} c6 {[%emt 0:00:41]} 5. Nf3 {[%emt 0:03:02]} d5 {[%emt 0:00:08]} 6. O-O {[%emt 0:00:11]} Bd6 {[%emt 0:00:06]} 7. b3 {[%emt 0:00:15]} O-O {[%emt 0:01:33]} 8. Ba3 {[%emt 0:01:21]} Bxa3 {[%emt 0:01:35]} 9. Nxa3 {[%emt 0:00:02]} Bd7 {[%emt 0:00:14]} 10. Nc2 {[%emt 0:01:48]} Be8 {[%emt 0:00:23]} 11. Nce1 {[%emt 0:02:12]} Bh5 {[%emt 0:01:25]} 12. Nd3 {[%emt 0:03:32]} Nbd7 {[%emt 0:06:01]} 13. Qc1 {[%emt 0:10:55]} Qe7 {[%emt 0:04:39]} 14. Qb2 {[%emt 0:04:47]} Ne4 {[%emt 0:18:50]} 15. Nfe5 {[%emt 0:07:42]} Nxe5 {[%emt 0:00:43]} 16. Nxe5 {[%emt 0:02:29]} f4 {[%emt 0:04:41]} 17. f3 {[%emt 0:16:46]} Ng5 {[%emt 0:11:40]} 18. g4 {[%emt 0:12:29]} Be8 {[%emt 0:08:17]} 19. e3 {[%emt 0:00:36]} fxe3 {[%emt 0:10:15]} 20. Qe2 {[%emt 0:04:12]} c5 {[%emt 0:00:35]} 21. Qxe3 {[%emt 0:02:30]} cxd4 {[%emt 0:02:38]} 22. Qxd4 {[%emt 0:00:10]} dxc4 {[%emt 0:02:11]} 23. f4 {[%emt 0:06:03]} Nf7 {[%emt 0:00:13]} 24. Nxc4 {[%emt 0:00:16]} Bc6 {[%emt 0:00:20]} 25. Bxc6 {[%emt 0:01:36]} bxc6 {[%emt 0:00:06]} 26. Qe3 {[%emt 0:00:32]} Rad8 {[%emt 0:03:10]} 27. Rae1 {[%emt 0:00:33]} Rfe8 {[%emt 0:01:33]} 28. Re2 {[%emt 0:00:10]} Rd5 {[%emt 0:03:28]} 29. Rfe1 {[%emt 0:05:01]} Qd7 {[%emt 0:00:55]} 30. Qg3 {[%emt 0:01:39]} Rd3 {[%emt 0:01:14]} 31. Re3 {[%emt 0:00:52]} Rxe3 {[%emt 0:00:42]} 32. Rxe3 {[%emt 0:04:54]} Rf8 {[%emt 0:06:46]} 33. Rd3 {[%emt 0:01:37]} Qe7 {[%emt 0:02:16]} 34. Qe3 {[%emt 0:01:44]} Qf6 {[%emt 0:00:41]} 35. Kg2 {[%emt 0:01:49]} g5 {[%emt 0:05:32]} 36. Ne5 {[%emt 0:04:55]} gxf4 {[%emt 0:00:38]} 37. Nd7 {[%emt 0:00:03]} Qg6 {[%emt 0:02:51]} 38. Qf3 {[%emt 0:00:15]} Rd8 {[%emt 0:01:06]} 39. h4 {[%emt 0:00:08]} Kg7 {[%emt 0:00:40]} 40. Kf2 {[%emt 0:01:29]} e5 {[%emt 0:00:15]} 41. h5 {[%emt 0:00:31]} Qg5 {[%emt 0:00:21]} 42. Qxc6 {[%emt 0:00:24]} Nh6 {[%emt 0:00:50]} 43. Qe6 {[%emt 0:00:37]} Nxg4+ {[%emt 0:00:14]} 44. Ke2 {[%emt 0:00:35]} Nh6 {[%emt 0:00:50]} 45. Nxe5 {[%emt 0:00:24]} Qxh5+ {[%emt 0:00:14]} 46. Kd2 {[%emt 0:00:19]} Qh2+ {[%emt 0:00:30]} 47. Kc3 {[%emt 0:00:11]} Rxd3+ {[%emt 0:00:14]} 48. Kxd3 {[%emt 0:00:21]} Qg3+ {[%emt 0:00:22]} 49. Ke4 {[%emt 0:00:45]} Qe3+ {[%emt 0:00:43]} 50. Kd5 {[%emt 0:00:01]} Qd2+ {[%emt 0:00:12]} 51. Ke4 {[%emt 0:01:01]} Qe3+ {[%emt 0:00:53]} 52. Kd5 {[%emt 0:00:01]} Qd2+ {[%emt 0:00:07]} 53. Ke4 {[%emt 0:00:16]} Qd8 {[%emt 0:01:48]} 1/2-1/2

[Event "80th GEO-ch 2021"]
[Site "Tbilisi"]
[Date "2021.04.24"]
[Round "5.3"]
[White "Petriashvili, Nikoloz"]
[Black "Pantsulaia, Levan"]
[Result "0-1"]
[WhiteElo "2425"]
[BlackElo "2553"]
[Annotator "ChessBase"]
[PlyCount "82"]
[EventDate "2021.04.20"]
[EventType "tourn"]
[EventCountry "GEO"]
[SourceTitle "playchess.com"]
[Source "ChessBase"]
[SourceQuality "1"]
[TimeControl "5400+30"]

1. d4 {[%emt 0:00:00]} Nf6 {[%emt 0:00:14]} 2. c4 {[%emt 0:00:00]} g6 {[%emt 0:01:04]} 3. Nc3 {[%emt 0:00:09]} Bg7 {[%emt 0:00:42]} 4. e4 {[%emt 0:00:07]} O-O {[%emt 0:00:26]} 5. Nge2 {[%emt 0:00:27]} d6 {[%emt 0:02:15]} 6. Ng3 {[%emt 0:00:36]} e5 {[%emt 0:03:03]} 7. d5 {[%emt 0:00:02]} a5 {[%emt 0:00:10]} 8. h4 {[%emt 0:01:37]} h5 {[%emt 0:00:31]} 9. Bg5 {[%emt 0:00:02]} Qe8 {[%emt 0:00:45]} 10. Be2 {[%emt 0:01:34]} Nh7 {[%emt 0:08:30]} 11. Bd2 {[%emt 0:13:10]} Na6 {[%emt 0:00:46]} 12. Qc2 {[%emt 0:10:00]} Nb4 {[%emt 0:05:39]} 13. Qb3 {[%emt 0:00:23]} b6 {[%emt 0:01:12]} 14. O-O-O {[%emt 0:03:02]} Bd7 {[%emt 0:05:33]} 15. Be3 {[%emt 0:10:17]} Qe7 {[%emt 0:06:18]} 16. Nf1 {[%emt 0:09:17]} f5 {[%emt 0:06:09]} 17. f3 {[%emt 0:00:03]} Rf7 {[%emt 0:05:09]} 18. Nd2 {[%emt 0:00:54]} Qf8 {[%emt 0:04:04]} 19. Rdg1 {[%emt 0:13:30]} Bh6 {[%emt 0:08:44]} 20. Nd1 {[%emt 0:00:17]} Nf6 {[%emt 0:00:50]} 21. Rf1 {[%emt 0:08:30]} Qg7 {[%emt 0:03:38]} 22. exf5 {[%emt 0:04:17]} gxf5 {[%emt 0:02:41]} 23. f4 {[%emt 0:00:04]} Re8 {[%emt 0:02:24]} 24. Bf3 {[%emt 0:05:43]} exf4 {[%emt 0:05:55]} 25. Bd4 {[%emt 0:00:16]} Qg6 {[%emt 0:00:57]} 26. a3 {[%emt 0:00:29]} Na6 {[%emt 0:00:18]} 27. Nf2 {[%emt 0:00:58]} Nc5 {[%emt 0:03:51]} 28. Qc2 {[%emt 0:01:41]} Ng4 {[%emt 0:01:15]} 29. Re1 {[%emt 0:04:46]} Re3 {[%emt 0:01:12]} 30. Bxg4 {[%emt 0:03:19]} hxg4 {[%emt 0:00:26]} 31. b4 {[%emt 0:00:04]} axb4 {[%emt 0:02:29]} 32. axb4 {[%emt 0:00:01]} Rfe7 {[%emt 0:01:18]} 33. Bxe3 {[%emt 0:01:01]} fxe3 {[%emt 0:00:08]} 34. Kb1 {[%emt 0:00:11]} Na4 {[%emt 0:04:27]} 35. b5 {[%emt 0:01:18]} Nc5 {[%emt 0:01:16]} 36. Nb3 {[%emt 0:01:06]} Nxb3 {[%emt 0:01:23]} 37. Qxb3 {[%emt 0:00:02]} f4+ {[%emt 0:00:12]} 38. Nd3 {[%emt 0:00:24]} Bf5 {[%emt 0:00:24]} 39. Kc2 {[%emt 0:00:01]} e2 {[%emt 0:00:46]} 40. Ra1 {[%emt 0:00:29]} Re3 {[%emt 0:00:24]} 41. Ra8+ {[%emt 0:00:04]} Kh7 {[%emt 0:00:38]} 0-1

[Event "80th GEO-ch 2021"]
[Site "Tbilisi"]
[Date "2021.04.24"]
[Round "5.4"]
[White "Quparadze, Giga"]
[Black "Lortkipanidze, Nodar"]
[Result "*"]
[WhiteElo "2463"]
[BlackElo "2416"]
[Annotator "ChessBase"]
[PlyCount "97"]
[EventDate "2021.04.20"]
[EventType "tourn"]
[EventCountry "GEO"]
[SourceTitle "playchess.com"]
[Source "ChessBase"]
[SourceQuality "1"]
[TimeControl "5400+30"]

1. e4 {[%emt 0:00:00]} c6 {[%emt 0:00:00]} 2. d4 {[%emt 0:00:00]} d5 {[%emt 0:00:00]} 3. Nc3 {[%emt 0:00:00]} dxe4 {[%emt 0:00:00]} 4. Nxe4 {[%emt 0:00:00]} Nf6 {[%emt 0:00:00]} 5. Nxf6+ {[%emt 0:00:00]} exf6 {[%emt 0:00:00]} 6. c3 {[%emt 0:00:03]} Bd6 {[%emt 0:00:00]} 7. Bd3 {[%emt 0:00:04]} Na6 {[%emt 0:00:00]} 8. Qc2 {[%emt 0:00:14]} Nc7 {[%emt 0:02:04]} 9. Ne2 {[%emt 0:00:07]} h5 {[%emt 0:00:18]} 10. O-O {[%emt 0:00:13]} Nd5 {[%emt 0:00:43]} 11. a3 {[%emt 0:00:17]} Kf8 {[%emt 0:01:09]} 12. c4 {[%emt 0:00:33]} Ne7 {[%emt 0:00:08]} 13. Bd2 {[%emt 0:01:00]} g6 {[%emt 0:00:19]} 14. Bc3 {[%emt 0:00:31]} Kg7 {[%emt 0:00:19]} 15. Ng3 {[%emt 0:00:17]} Qc7 {[%emt 0:04:09]} 16. f4 {[%emt 0:08:40]} h4 {[%emt 0:11:06]} 17. Ne4 {[%emt 0:00:27]} Nf5 {[%emt 0:00:04]} 18. d5 {[%emt 0:02:38]} Bxf4 {[%emt 0:27:09]} 19. Bxf6+ {[%emt 0:00:15]} Kg8 {[%emt 0:00:02]} 20. d6 {[%emt 0:00:07]} Bxd6 {[%emt 0:01:00]} 21. Nxd6 {[%emt 0:00:29]} Qxd6 {[%emt 0:00:21]} 22. Bxh8 {[%emt 0:00:09]} Kxh8 {[%emt 0:00:03]} 23. Qc3+ {[%emt 0:00:38]} Kg8 {[%emt 0:00:16]} 24. c5 {[%emt 0:00:07]} Qd5 {[%emt 0:01:08]} 25. Rae1 {[%emt 0:01:30]} Be6 {[%emt 0:00:28]} 26. Bxf5 {[%emt 0:00:07]} Bxf5 {[%emt 0:00:19]} 27. Rd1 {[%emt 0:02:14]} Qe4 {[%emt 0:03:21]} 28. Rd4 {[%emt 0:00:08]} Qe7 {[%emt 0:00:19]} 29. Re1 {[%emt 0:00:34]} Be6 {[%emt 0:05:21]} 30. h3 {[%emt 0:00:35]} Qg5 {[%emt 0:01:07]} 31. Ree4 {[%emt 0:00:38]} Bd5 {[%emt 0:02:20]} 32. Qe3 {[%emt 1:23:25]} Qxe3+ {[%emt 0:01:03]} 33. Rxe3 {[%emt 0:00:05]} b6 {[%emt 0:01:22]} 34. cxb6 {[%emt 0:00:15]} axb6 {[%emt 0:00:04]} 35. Rxh4 {[%emt 0:00:05]} b5 {[%emt 0:00:14]} 36. Rd4 {[%emt 0:00:09]} Kg7 {[%emt 0:00:15]} 37. h4 {[%emt 0:00:07]} Kf6 {[%emt 0:01:38]} 38. Kf2 {[%emt 0:00:08]} Rh8 {[%emt 0:02:18]} 39. b3 {[%emt 0:01:25]} g5 {[%emt 0:00:18]} 40. hxg5+ {[%emt 0:00:09]} Kxg5 {[%emt 0:00:09]} 41. a4 {[%emt 0:00:04]} bxa4 {[%emt 0:00:09]} 42. bxa4 {[%emt 0:00:06]} Ra8 {[%emt 0:00:07]} 43. g3 {[%emt 0:00:23]} Kf6 {[%emt 0:00:16]} 44. Rf4+ {[%emt 0:00:06]} Kg5 {[%emt 0:00:42]} 45. Ra3 {[%emt 0:00:08]} Ra5 {[%emt 0:00:11]} 46. Ke3 {[%emt 0:01:58]} f5 {[%emt 0:40:41]} 47. Kd4 {[%emt 0:02:10]} Bf7 {[%emt 0:01:19]} 48. Ra1 {[%emt 0:02:51]} c5+ {[%emt 0:01:32]} 49. Kc3 {[%emt 0:01:05]} *

[Event "80th GEO-ch 2021"]
[Site "Tbilisi"]
[Date "2021.04.24"]
[Round "5.4"]
[White "Kacharava, Nikolozi"]
[Black "Gagunashvili, Merab"]
[Result "1/2-1/2"]
[WhiteElo "2443"]
[BlackElo "2584"]
[Annotator "ChessBase"]
[PlyCount "122"]
[EventDate "2021.04.20"]
[EventType "tourn"]
[EventCountry "GEO"]
[SourceTitle "playchess.com"]
[Source "ChessBase"]
[SourceQuality "1"]
[TimeControl "5400+30"]

1. e4 {[%emt 0:00:00]} e5 {[%emt 0:00:21]} 2. Nf3 {[%emt 0:00:00]} Nc6 {[%emt 0:00:06]} 3. d4 {[%emt 0:00:13]} exd4 {[%emt 0:00:26]} 4. Nxd4 {[%emt 0:00:22]} Bb4+ {[%emt 0:00:07]} 5. c3 {[%emt 0:00:32]} Bc5 {[%emt 0:00:04]} 6. Be3 {[%emt 0:00:27]} Bb6 {[%emt 0:00:20]} 7. Nf5 {[%emt 0:00:38]} Bxe3 {[%emt 0:00:18]} 8. Nxe3 {[%emt 0:00:38]} Nge7 {[%emt 0:00:13]} 9. c4 {[%emt 0:07:28]} d6 {[%emt 0:00:29]} 10. Nc3 {[%emt 0:01:35]} O-O {[%emt 0:00:16]} 11. Bd3 {[%emt 0:02:22]} f5 {[%emt 0:11:16]} 12. exf5 {[%emt 0:02:31]} Nxf5 {[%emt 0:00:47]} 13. Bxf5 {[%emt 0:01:49]} Bxf5 {[%emt 0:00:06]} 14. Qd5+ {[%emt 0:05:03]} Kh8 {[%emt 0:01:16]} 15. Nxf5 {[%emt 0:00:40]} Nb4 {[%emt 0:03:27]} 16. Qd2 {[%emt 0:01:27]} Rxf5 {[%emt 0:00:22]} 17. O-O {[%emt 0:02:10]} Qd7 {[%emt 0:01:01]} 18. Rae1 {[%emt 0:04:49]} Nc6 {[%emt 0:03:13]} 19. f4 {[%emt 0:03:04]} Rff8 {[%emt 0:01:56]} 20. Nd5 {[%emt 0:02:44]} Rae8 {[%emt 0:00:44]} 21. Rxe8 {[%emt 0:05:45]} Rxe8 {[%emt 0:00:06]} 22. Re1 {[%emt 0:00:36]} Rxe1+ {[%emt 0:02:22]} 23. Qxe1 {[%emt 0:00:06]} h6 {[%emt 0:00:43]} 24. Qe4 {[%emt 0:04:44]} Kg8 {[%emt 0:04:08]} 25. b4 {[%emt 0:08:59]} Kf7 {[%emt 0:03:43]} 26. Kf2 {[%emt 0:06:34]} Nd8 {[%emt 0:03:17]} 27. f5 {[%emt 0:02:28]} c6 {[%emt 0:03:05]} 28. Nf4 {[%emt 0:00:12]} Qe7 {[%emt 0:01:35]} 29. Qxe7+ {[%emt 0:03:17]} Kxe7 {[%emt 0:00:05]} 30. Ke3 {[%emt 0:01:02]} Nf7 {[%emt 0:06:48]} 31. Nh5 {[%emt 0:06:15]} Ne5 {[%emt 0:00:47]} 32. Kd4 {[%emt 0:01:37]} g5 {[%emt 0:16:56]} 33. c5 {[%emt 0:01:22]} Nd7 {[%emt 0:03:32]} 34. cxd6+ {[%emt 0:01:50]} Kxd6 {[%emt 0:00:04]} 35. Ng3 {[%emt 0:00:27]} b6 {[%emt 0:06:32]} 36. Ne4+ {[%emt 0:01:10]} Ke7 {[%emt 0:00:04]} 37. g4 {[%emt 0:01:31]} Nb8 {[%emt 0:00:37]} 38. a4 {[%emt 0:01:53]} Nd7 {[%emt 0:03:45]} 39. a5 {[%emt 0:02:26]} Nb8 {[%emt 0:00:18]} 40. Nc3 {[%emt 0:06:12]} Kd6 {[%emt 0:00:57]} 41. Ne4+ {[%emt 0:01:00]} Ke7 {[%emt 0:00:19]} 42. Nd2 {[%emt 0:02:22]} Na6 {[%emt 0:02:31]} 43. Kc4 {[%emt 0:01:32]} Kd6 {[%emt 0:01:37]} 44. axb6 {[%emt 0:01:52]} axb6 {[%emt 0:00:04]} 45. b5 {[%emt 0:00:40]} Nc5 {[%emt 0:01:50]} 46. bxc6 {[%emt 0:00:44]} Kxc6 {[%emt 0:00:05]} 47. Kd4 {[%emt 0:00:41]} Nd7 {[%emt 0:01:06]} 48. Ne4 {[%emt 0:01:37]} b5 {[%emt 0:03:40]} 49. h3 {[%emt 0:00:52]} b4 {[%emt 0:01:23]} 50. Kc4 {[%emt 0:00:36]} b3 {[%emt 0:00:34]} 51. Kxb3 {[%emt 0:00:10]} Kd5 {[%emt 0:00:03]} 52. Ng3 {[%emt 0:01:09]} Nf6 {[%emt 0:01:06]} 53. Kc3 {[%emt 0:02:52]} Ke5 {[%emt 0:00:03]} 54. Kd3 {[%emt 0:00:21]} h5 {[%emt 0:02:29]} 55. gxh5 {[%emt 0:01:37]} Kf4 {[%emt 0:00:07]} 56. Ne2+ {[%emt 0:00:27]} Kxf5 {[%emt 0:00:09]} 57. Nd4+ {[%emt 0:00:18]} Kf4 {[%emt 0:00:23]} 58. h6 {[%emt 0:01:02]} Kg3 {[%emt 0:00:26]} 59. Ne6 {[%emt 0:00:57]} Kxh3 {[%emt 0:00:12]} 60. Nxg5+ {[%emt 0:00:11]} Kg4 {[%emt 0:00:07]} 61. Ne4 {[%emt 0:00:13]} Nh7 {[%emt 0:00:35]} 1/2-1/2